| 000 | 00780nam a22002297a 4500 | ||
|---|---|---|---|
| 003 | OSt | ||
| 005 | 20251210021516.0 | ||
| 008 | 251210b |||||||| |||| 00| 0 eng d | ||
| 020 | _a9718581790 | ||
| 040 |
_aDWCL - Main _cOC |
||
| 082 | _aFil. 800 B212j 2003 | ||
| 100 |
_aBanaag, Amada G. _eAuthor |
||
| 245 |
_aModules in literature 2 : _ba journey through world literature / _cAmada G. Banaag [and three others] |
||
| 260 |
_aQuezon City, Philippines: _bGreat Books Trading, _cc2003 |
||
| 300 |
_av, 298 p.; _bill.; _c22 cm. |
||
| 504 | _aIncludes biographical references. | ||
| 650 | _a1. World literature. | ||
| 700 |
_aI. Bernando, Nancy C. _eAuthor |
||
| 700 |
_aII. Jusi, Edna N. _eAuthor |
||
| 700 |
_aIII. Bhaghawwi, Ernie T. _eEditor |
||
| 942 |
_2ddc _cBK - FIL _n0 |
||
| 999 |
_c7004 _d7004 |
||